000
00372nam a2200133Ia 4500
008
151001s9999||||xx |||||||||||||| ||und||
100
_a
रवींद्रनाथ टागोर
245
_a
नौकाडुबी
250
_a
4
260
_b
सुरस प्रकाशन पंजाब
260
_c
1985
300
_a
304
365
_b
18
999
_c
965926
_d
965923